000 00402nam a2200157Ia 4500
008 240729s9999 xx 000 0 und d
022 _a2617-1619
245 0 _aJCSM Rapid Communications
260 _aUnited Kingdom
260 _bWiley
650 _a Internal medicine
650 _aMedicine
856 _uhttps://doaj.org/toc/391eb9d16ceb446f8641bb4b58da3644
942 _2ddc
942 _cDOAJEJ
999 _c72575
_d72575
945 _a1
_bMadushi Gamage
_c1
_dMadushi Gamage